| 000 | 00991nam0a2200313 4500 | ||
|---|---|---|---|
| 001 | RU\NLR\BIBL_A\011865327 | ||
| 005 | 20181129140156.0 | ||
| 010 |
_a978-5-17-110991-2 _92000 |
||
| 021 |
_aRU _bКН-П-18-079726 _9КН-П-18-5773 |
||
| 035 | _a(NLR Aleph) 011865327 | ||
| 035 | _a(RuMoRGB)009787658 | ||
| 090 |
_a12175251 _c12175251 |
||
| 100 | _a20181119d2018 u y0rusy50 ca | ||
| 101 | 0 | _arus | |
| 102 | _aRU | ||
| 105 | _aa|||z|||000ay | ||
| 200 | 1 |
_aСлуга тьмы _e[для среднего школьного возраста] _fНадежда Чубарова |
|
| 210 |
_aМосква _cАСТ _dcop. 2018 |
||
| 215 |
_a348, [2] с. _d22 |
||
| 225 | 1 | _aСерия "Суперлуние" | |
| 327 | 1 | _a12+ | |
| 686 | 0 | _aШ9(2)62=Р7-4 | |
| 700 | 1 |
_aЧубарова _bН. А. _gНадежда Александровна |
|
| 942 | _cBOOK | ||
| 980 | _aNBR | ||
| 980 | _aNB | ||